02421nam a22003257a 4500003000900000008004100009040007100050082002400121110003600145245008800181260005300269300002900322440010800351505132000459650001601779650001901795650001401814650001001828650002201838650001101860700002101871700002901892700002401921700002401945700002701969700002201996700001802018700003802036700002102074AR-CdUCM190425b ||||| |||| 00| 0 spa d aMUNICIPALIDAD PROVINCIAL DEL CUSCOcBIBLIOTECA MUNICIPAL DEL CUSCO aRev.Andi/N°39/2004 aCentro Bartolomé de Las Casas aRevista andina /cCentro de estudios rurales andinos Bartolomé de Las Casas Cusco aCusco :bCentro Bartolomé de Las Casas,c2004. a301 páginas. :c23 cm. aPublicación Semestral del Centro Bartolomé de Las Casas Cusco.nNúmero 39, Segundo semestre 2004. aContenido: El observatorio de Machu Picchu redescubrimiento de Llactapata y su templo solar. J. McKim Malville, Hugh Thomson, Gary Ziegler. -- El wasichakuy de Marcapata. Ensayo de interpretación de una “costumbre” andina. Pablo Federico Sendón. -- Asambleas, negociaciones y autoridades locales en las tradiciones orales del Manuscrito de Huarochirí. Gabriela Sternfeld. -- Migraciones en los Andes Meridionales. El caso de los atacameños en Santa María durante la segunda mitad del siglo XVIII. Lorena B. Rodríguez. -- Una relación contradictoria: élites y control social en Lima durante los inicios de la república. Pablo Whipple Morán. -- Entre intereses estatales y estrategias de control: el paisaje como aproximación teórico-metodológica. Silvina A. Vigliani. -- El impacto de la colonización inka en la vida social de las comunidades del valle Calchaquí norte. Acuto, Aranda, Jacob, Luna, Sprovieri. -- ¿Reyes o indios? Cabildos, repúblicas y autonomía en el Perú y México coloniales 1770-1812. Claudia Guarisco. -- El lenguaje como parodia: instancias del uso particular del quechua de Guaman Poma y de Pachacuti Yamqui. Sabine Dedenbach-Salazar Sáenz. -- La arquitectura ritual durante el período medio del noroeste argentino prehispánico. Inés Gordillo. aMachupicchu aCultura andina aMigracion aInkas aArquitectura inka aElites aMalville, McKim aSendón, Pablo Federico aSternfeld, Gabriela aRodríguez, Lorena aWhipple Morán, Pablo aVigliani, Silvina aAranda, Acuto aSalazar Sáenz, Sabine Dedenbach aGordillo, Inés